000 00878nmc a2200313 a 4500
003 AR-BaBNM
005 20251128204759.0
008 225119s1987 ||||||||||||||000 | spa||
020 _a968-16-2505-6
040 _cAR-BaBNM
100 1 _aCraig, Eleanor
245 1 0 _aCómo escuchar a los niños
250 _a1ª ed.
260 _aMéxico, D.F.
_bFondo de Cultura Económica
_c1987
300 0 _a289 p.
490 0 _aColección popular
_vv. 348
650 4 _aPSICOLOGIA DEL NINO
650 4 _aPSICOLOGIA DE LA EDUCACION
650 4 _aPROBLEMAS DE ADAPTACION
650 4 _aPROCESO DE APRENDIZAJE
650 4 _aEDUCACION DEL NINO
650 4 _aCOMUNICACION INTERPERSONAL
650 4 _aPROCESO DE COMUNICACION
650 4 _aADAPTACION SOCIAL
650 4 _aRELACION PADRES-HIJOS
700 1 _aUtrilla, Juan José
_etraductor
942 _cBK
998 _cGLORIA
999 _c8798
_d8798